Public finance : (Record no. 3935)

MARC details
000 -LEADER
fixed length control field 00636cam a22002172 4500
001 - CONTROL NUMBER
control field 0000019430
005 - DATE AND TIME OF LATEST TRANSACTION
control field 20151217145915.0
008 - FIXED-LENGTH DATA ELEMENTS--GENERAL INFORMATION
fixed length control field 101115s xx 000 0 eng d
020 ## - INTERNATIONAL STANDARD BOOK NUMBER
International Standard Book Number 053879769x
040 ## - CATALOGING SOURCE
Original cataloging agency KABU
Transcribing agency KABU
050 #0 - LIBRARY OF CONGRESS CALL NUMBER
Classification number HJ141
Item number .H96 2011
100 1# - MAIN ENTRY--PERSONAL NAME
Personal name Hyman, David N.
-- 0000149948
245 10 - TITLE STATEMENT
Title Public finance :
Remainder of title a contemporary application of theory to policy.
250 ## - EDITION STATEMENT
Edition statement 10th ed.
260 ## - PUBLICATION, DISTRIBUTION, ETC. (IMPRINT)
Place of publication, distribution, etc. Mason, Ohio :
Name of publisher, distributor, etc. South-Western,
Date of publication, distribution, etc. 2011.
300 ## - PHYSICAL DESCRIPTION
Extent xvii, 782 p.
650 #0 - SUBJECT ADDED ENTRY--TOPICAL TERM
Topical term or geographic name as entry element Public finance.
-- 0000152733
852 1# - LOCATION
-- p5731.70 KES
908 ## - PUT COMMAND PARAMETER (RLIN)
Put command parameter 101115
950 ## - LOCAL HOLDINGS (RLIN)
-- 1
Holdings
Withdrawn status Lost status Source of classification or shelving scheme Not for loan Home library Current library Date acquired Total Checkouts Total Renewals Full call number Barcode Date last seen Date last checked out Price effective from Koha item type
    Library of Congress Classification   Kabarak, Main Campus Kabarak, Main Campus 17/12/2015 2 1 HJ141 .H96 2011 c. 1 23321 09/09/2025 07/08/2025 17/12/2015 General Collection
Designed with assistance from East African Informatics Ltd